Villes ayant accueilli une finale de C2 - Statistiques

Statistiques générales
  • Ce quiz a été pris 39 fois
  • Le résultat moyen est 19 sur 24
Statistiques - réponses
Pays Ville % Correct
France Lyon
100%
Belgique Bruxelles
97%
France Paris
97%
Pays Bas Amsterdam
94%
Danemark Copenhague
94%
Ecosse Glasgow
94%
Portugal Lisbonne
94%
Suede Stockholm
94%
Grece Athenes
91%
Autriche Vienne
91%
Suisse Berne
89%
Angleterre Londres
89%
Espagne Barcelone
86%
Pays-Bas Rotterdam
83%
Suisse Bale
80%
Suede Göteborg
71%
Belgique Anvers
63%
Angleterre Birmingham
63%
Italie Florence
60%
France Strasbourg
60%
Allemagne Stuttgart
60%
Allemagne Düsseldorf
46%
Grece Thessalonique
40%
Allemagne Nuremberg
31%
Aucun quiz correspondant
Distribution des résultats
% des personnes avec chaque résultat
Percentile par nombre de réponses
Votre historique - résultats
Vous n’avez pas pris ce quiz